[Event "Province VR 80th"]
[Site "Zevio Verona"]
[Date "2020.01.26"]
[Round "4.9"]
[White "Margareci, Massimo"]
[Black "Vujicic, Luigi"]
[Result "1/2-1/2"]
[WhiteElo "1601"]
[BlackElo "1699"]
[PlyCount "51"]
[EventDate "2020.01.24"]
[EventType "swiss"]
[EventRounds "5"]
[EventCountry "ITA"]
[SourceTitle "EXT 2024"]
[Source "ChessBase"]
[SourceDate "2023.10.10"]
[SourceVersion "1"]
[SourceVersionDate "2023.10.10"]
[SourceQuality "1"]

1. d4 Nf6 2. Nf3 e6 3. Bf4 c5 4. c3 Nc6 5. e3 d5 6. Nbd2 Bd6 7. Bg3 0-0 8. Bd3 Re8 9. Ne5 Qc7 10. f4 b6 11. Bh4 Nd7 12. Bxh7+ Kf8 13. Qh5 Ndxe5 14. fxe5 Be7 15. Bxe7+ Nxe7 16. Rf1 Nf5 17. Bxf5 exf5 18. Qh8+ Ke7 19. Qxg7 Be6 20. Qg5+ Kd7 21. Qf4 Rg8 22. Rf2 Rg4 23. Qf3 Rag8 24. Nf1 Qd8 25. h3 R4g6 26. 0-0-0 1/2-1/2

[Event "Province VR 80th"]
[Site "Zevio Verona"]
[Date "2020.01.24"]
[Round "1.6"]
[White "Goldoni, Claudio"]
[Black "Margareci, Massimo"]
[Result "1/2-1/2"]
[WhiteElo "1825"]
[BlackElo "1601"]
[PlyCount "115"]
[EventDate "2020.01.24"]
[EventType "swiss"]
[EventRounds "5"]
[EventCountry "ITA"]
[SourceTitle "EXT 2024"]
[Source "ChessBase"]
[SourceDate "2023.10.10"]
[SourceVersion "1"]
[SourceVersionDate "2023.10.10"]
[SourceQuality "1"]

1. e4 c6 2. d4 d5 3. Nd2 dxe4 4. Nxe4 Bf5 5. Ng3 Bg6 6. f4 e6 7. Nf3 Nd7 8. Bd3 Bxd3 9. Qxd3 Ngf6 10. f5 exf5 11. Nxf5 g6 12. Qe2+ Be7 13. Nd6+ Kf8 14. Bh6+ Kg8 15. Nc4 Bf8 16. Bxf8 Qxf8 17. 0-0-0 Qh6+ 18. Kb1 Re8 19. Qd3 Qf8 20. Rhf1 Kg7 21. h3 Qb4 22. c3 Qb5 23. g4 Qd5 24. Nce5 Nxe5 25. Nxe5 Re7 26. Rf4 Nd7 27. Nf3 Rhe8 28. Rf1 Re3 29. Qd1 R8e4 30. Qd2 Rxf4 31. Qxe3 Qe4+ 32. Qxe4 Rxe4 33. Rf2 f6 34. Kc2 Nb6 35. Kd3 Re7 36. c4 Nc8 37. b4 Nd6 38. a4 f5 39. g5 h6 40. h4 hxg5 41. hxg5 Ne4 42. Rh2 Re8 43. b5 Rh8 44. Rxh8 Kxh8 45. bxc6 bxc6 46. Ne5 c5 47. Nxg6+ Kg7 48. Ne7 Nxg5 49. dxc5 Kf6 50. Nd5+ Ke6 51. Ke3 Kd7 52. Kd4 Ne6+ 53. Ke5 Nxc5 54. Nc3 Nd3+ 55. Kxf5 Nb2 56. c5 Kc6 57. Ke4 Kxc5 58. Nb5 1/2-1/2